|
|
|
|
| LEADER |
00000csc a2200000 a 4500 |
| 001 |
90824 |
| 005 |
20231109122416.0 |
| 008 |
000000|1947 ||||||||r|||||||||||spa|| |
| 040 |
|
|
|b spa
|
| 041 |
1 |
|
|a spa
|
| 082 |
0 |
|
|a 301
|
| 100 |
1 |
|
|a Lenoir, Nöel-Pierre
|9 287531
|
| 245 |
|
|
|a Sociología de la revolución
|c Nöel-Pierre Lemoir. Versión castellana de Miguel Villegas
|h imp
|n v. 31
|
| 264 |
|
|
|a Buenos Aires
|b Claridad
|c 1947
|
| 300 |
|
|
|a 164 páginas:
|c 21 cm
|
| 490 |
|
|
|a Biblioteca Hombres e Ideas
|
| 650 |
|
|
|a Teorias de la revolucion
|9 301684
|
| 650 |
|
0 |
|a Partidos políticos
|9 44967
|
| 650 |
|
|
|a Guerra civil
|9 723
|
| 852 |
|
|
|a UC-CDJBV
|c ESTANTERIA CERRADA
|f Compra
|k mariana.feican
|l 1
|m General
|p 00000000
|r 2
|t 90824
|b 0
|d CDRC
|e CDRC
|g 301 ESTANTERIA CERRADA
|z 0000-00-00
|
| 942 |
|
|
|
| 999 |
|
|
|c 129962
|d 129962
|